000 01307nam0a22003131 4500
001 rc\3260772
005 20250609201011.0
021 _aRU
_b[70-71461]
035 _a(NLR Aleph) 007483714
090 _a7543837
_c7543837
100 _a20130115d1970 |||y0rusy50 ca
101 0 _arus
102 _aRU
105 _aa z |||||
200 1 _aПередние и задние амортизаторы мотоциклов и мотороллеров
_eОбзор
210 _aМосква
_cБ. и.
_d1970
215 _a62 с.
_cил.
_d21
225 1 _aНаучно-исследовательский институт информации автомобильной промышленности "НИИНАвтопром"
_v6
_iМотовелопромышленность
300 _aНа обл. авт. не указаны
320 _aБиблиогр.: с. 59-61 (18 назв.)
606 _aМотороллеры
_xАмортизаторы гидравлические
_2psbo
606 _aМотоциклы
_xАмортизаторы гидравлические
_2psbo
700 1 _aФролов
_bР.И.
_gРуслан Иванович
701 1 _aДемахин
_bК.В.
801 0 _aRU
_bNLR
_gpsbo
801 1 _aRU
_bELAR
_2rusmarc
852 _aNLR
_j70-6/6919
942 _cBOOK
980 _aNB